000 00602nam a2200181 4500
999 _c17210
_d17210
008 220824b ||||| |||| 00| 0 eng d
020 _a9786214182039
082 _22021
_aDFil 363.25
_bB274
100 _aBarreda, Ariel Barco.
_945725
245 _aForensic ballistics /
_cAriel Barco. Barreda.
260 _aQuezon City:
_bWiseman's Books Trading, Inc.,
_c©2021.
300 _ax, 210 pages;
_billustrations;
_c22 cm.
500 _aIncludes references.
650 _aFirearms
_vIdentification
_945739
650 _aForensic ballistics.
_945740
650 _aBallistics.
_945741
942 _2ddc
_cDFIL